000
00178nam a22000857a 4500
020
_a
0736423109
245
_a
Mother Goose
260
_a
New York
_b
A Golden Book
_c
1952
942
_c
BK
999
_c
266034
_d
266033